书目信息 |
| 题名: |
环境艺术设计概论
|
|
| 作者: | 王志鸿 主编 | |
| 分册: | ||
| 出版信息: | 北京 中国电力出版社 2019.10 |
|
| 页数: | ||
| 开本: | 19cm | |
| 丛书名: | 艺术与设计系列 | |
| 单 册: | ||
| 中图分类: | TU-856 | |
| 科图分类: | ||
| 主题词: | 环境设计--概论 | |
| 电子资源: | ||
| ISBN: | 978-7-5198-3754-9 | |
| 000 | 01080nam0 2200241 450 | |
| 001 | 2064506505 | |
| 005 | 20201107175519.06 | |
| 010 | @a978-7-5198-3754-9@dCNY58.00 | |
| 100 | @a20200524d2019 em y0chiy0110 ea | |
| 101 | 0 | @achi |
| 102 | @aCN@b110000 | |
| 105 | @af z 000zy | |
| 200 | 1 | @a环境艺术设计概论@9Huan Jing Yi Shu She Ji Gai Lun@f王志鸿主编 |
| 210 | @a北京@c中国电力出版社@d2019.10 | |
| 215 | @d19cm | |
| 225 | 2 | @a艺术与设计系列 |
| 330 | @a本书是带着整体性的眼光,针对环境艺术所有专业方向的初学者而编著的。首先,本书对环境艺术专业现状中的诸多头绪作了一个梳理。 本教材有对该专业基本概念的定义、现状和发展前景的描述,通过概念清晰的图表、插画说明作者的观点。书中大部分内容基于教学实践的体会,也综合了国内外相关教材的著名论述,包括思考题、训练题等,能实际的指导教学的进程实施。 另外,本书在介绍基本内容的同时,搜罗了国内外历史中知名的设计案例并附有简要的评述。 | |
| 461 | 0 | @1200 @a艺术与设计系列 |
| 606 | 0 | @a环境设计@x概论 |
| 690 | 0 | @aTU-856@v5 |
| 701 | 0 | @a王志鸿@9Wang Zhi Hong@4主编 |
| 801 | 0 | @aCN@b(网众)采访数据@c20201010 |
| 905 | @aZUCC@dTU-856@eW462 | |
| 环境艺术设计概论/王志鸿主编.-北京:中国电力出版社,2019.10 |
| 19cm.-(艺术与设计系列) |
| ISBN 978-7-5198-3754-9:CNY58.00 |
| 本书是带着整体性的眼光,针对环境艺术所有专业方向的初学者而编著的。首先,本书对环境艺术专业现状中的诸多头绪作了一个梳理。 本教材有对该专业基本概念的定义、现状和发展前景的描述,通过概念清晰的图表、插画说明作者的观点。书中大部分内容基于教学实践的体会,也综合了国内外相关教材的著名论述,包括思考题、训练题等,能实际的指导教学的进程实施。 另外,本书在介绍基本内容的同时,搜罗了国内外历史中知名的设计案例并附有简要的评述。 |
| ● |
| 相关链接 |
|
|
|
正题名:环境艺术设计概论
索取号:TU-856/W462
 
预约/预借
| 序号 | 登录号 | 条形码 | 馆藏地/架位号 | 状态 | 备注 |
| 1 | 1486626 | 214866260 | 建筑库101/101建筑库 18排4列2层/ [索取号:TU-856/W462] | 在馆 | |
| 2 | 1486627 | 214866279 | 建筑库101/101建筑库 18排4列2层/ [索取号:TU-856/W462] | 在馆 |